We shall all be free : survivors of racism (Record no. 205094)

MARC details
000 -LEADER
fixed length control field 00291nam a2200097Ia 4500
082 ## - DEWEY DECIMAL CLASSIFICATION NUMBER
Classification number J|305.8|SANN
008 - FIXED-LENGTH DATA ELEMENTS--GENERAL INFORMATION
fixed length control field 210817s9999 xx 000 0 und d
100 ## - MAIN ENTRY--PERSONAL NAME
Personal name Sanna, Ellyn, , 1957- Philadelphia, 2009
9 (RLIN) 64382
245 #0 - TITLE STATEMENT
Title We shall all be free : survivors of racism
942 ## - ADDED ENTRY ELEMENTS
item type Books
Holdings
Withdrawn status Lost status Damaged status Not for loan Home library Current library Date acquired Cost, normal purchase price Total Checkouts Barcode Date last seen Price effective from item type
        Emthonjeni PL (MMID-PLEMA-EMTH) Emthonjeni PL (MMID-PLEMA-EMTH) 18.08.2021 147.00   3322810090314 18.08.2021 18.08.2021 Books